[Event "OEBRO 85th Anniversary GM 2021"]
[Site "Copenhagen"]
[Date "2021.10.21"]
[Round "6.7"]
[White "Nielsen, Viktor Haarmark"]
[Black "Korley, Kassa"]
[Result "1/2-1/2"]
[WhiteElo "2296"]
[BlackElo "2407"]
[Annotator "ChessBase"]
[PlyCount "288"]
[EventDate "2021.10.18"]
[EventType "swiss"]
[EventCountry "DEN"]
[SourceTitle "playchess.com"]
[Source "ChessBase"]
[SourceQuality "1"]
[TimeControl "40/5400+30:900+30"]

1. e4 {[%emt 0:00:17]} e6 {[%emt 0:00:05]} 2. d4 {[%emt 0:00:19]} d5 {[%emt 0:00:05]} 3. Nc3 {[%emt 0:00:11]} Bb4 {[%emt 0:00:05]} 4. e5 {[%emt 0:00:08]} c5 {[%emt 0:00:03]} 5. a3 {[%emt 0:00:06]} Bxc3+ {[%emt 0:00:03]} 6. bxc3 {[%emt 0:00:06]} Ne7 {[%emt 0:00:08]} 7. Qg4 {[%emt 0:00:36]} Qc7 {[%emt 0:00:07]} 8. Bd3 {[%emt 0:00:05]} c4 {[%emt 0:00:31]} 9. Be2 {[%emt 0:00:08]} Nf5 {[%emt 0:00:04]} 10. Bd1 {[%emt 0:01:56]} Qa5 {[%emt 0:01:11]} 11. Bd2 {[%emt 0:02:05]} Nc6 {[%emt 0:00:39]} 12. Ne2 {[%emt 0:00:24]} Bd7 {[%emt 0:16:25]} 13. Ng3 {[%emt 0:04:23]} Nce7 {[%emt 0:00:05]} 14. Nh5 {[%emt 0:03:37]} Rg8 {[%emt 0:11:00]} 15. Qh3 {[%emt 0:03:02]} Nc6 {[%emt 0:03:59]} 16. g4 {[%emt 0:01:23]} Nfe7 {[%emt 0:00:03]} 17. Qe3 {[%emt 0:04:25]} O-O-O {[%emt 0:00:36]} 18. O-O {[%emt 0:06:24]} Rdf8 {[%emt 0:00:07]} 19. a4 {[%emt 0:04:53]} f5 {[%emt 0:10:35]} 20. g5 {[%emt 0:02:36]} f4 {[%emt 0:00:21]} 21. Nxf4 {[%emt 0:00:27]} Nf5 {[%emt 0:00:03]} 22. Qe1 {[%emt 0:01:14]} Rf7 {[%emt 0:06:39]} 23. Bh5 {[%emt 0:03:23]} g6 {[%emt 0:00:13]} 24. Bg4 {[%emt 0:00:09]} h6 {[%emt 0:08:57]} 25. Nh3 {[%emt 0:16:22]} h5 {[%emt 0:04:13]} 26. Be2 {[%emt 0:01:00]} Nd8 {[%emt 0:00:46]} 27. Bc1 {[%emt 0:13:31]} Bxa4 {[%emt 0:02:51]} 28. Qd2 {[%emt 0:00:23]} Qb5 {[%emt 0:03:34]} 29. Ba3 {[%emt 0:01:41]} Qc6 {[%emt 0:00:08]} 30. Bb4 {[%emt 0:02:28]} b6 {[%emt 0:02:34]} 31. Rfb1 {[%emt 0:01:50]} a5 {[%emt 0:03:17]} 32. Ba3 {[%emt 0:00:21]} Nh4 {[%emt 0:01:14]} 33. f4 {[%emt 0:00:51]} Rb7 {[%emt 0:05:04]} 34. Ra2 {[%emt 0:06:05]} Nf5 {[%emt 0:03:17]} 35. Rab2 {[%emt 0:01:18]} Rgg7 {[%emt 0:06:55]} 36. Nf2 {[%emt 0:00:58]} Rb8 {[%emt 0:01:30]} 37. Nd1 {[%emt 0:00:46]} Rgb7 {[%emt 0:00:50]} 38. Bf1 {[%emt 0:01:03]} Ra8 {[%emt 0:06:07]} 39. Bh3 {[%emt 0:00:40]} Ra6 {[%emt 0:00:27]} 40. Kf2 {[%emt 0:08:29]} Qd7 {[%emt 0:00:11]} 41. Bxf5 {[%emt 0:17:37]} exf5 {[%emt 0:15:04]} 42. h4 {[%emt 0:00:39]} Bc6 {[%emt 0:00:37]} 43. Ne3 {[%emt 0:00:59]} Ne6 {[%emt 0:00:08]} 44. Kg3 {[%emt 0:00:08]} b5 {[%emt 0:01:03]} 45. Bd6 {[%emt 0:00:44]} Nd8 {[%emt 0:05:04]} 46. Qe1 {[%emt 0:04:45]} Qe6 {[%emt 0:00:13]} 47. Ra1 {[%emt 0:00:40]} Rba7 {[%emt 0:01:07]} 48. Rab1 {[%emt 0:02:03]} Rb7 {[%emt 0:00:00]} 49. Ra1 {[%emt 0:00:00]} Be8 {[%emt 0:00:00]} 50. Bc5 {[%emt 0:00:00]} Rb8 {[%emt 0:00:00]} 51. Qh1 {[%emt 0:00:00]} Bc6 {[%emt 0:00:00]} 52. Qe1 {[%emt 0:00:00]} Nb7 {[%emt 0:00:00]} 53. Ba3 {[%emt 0:00:00]} Rba8 {[%emt 0:00:00]} 54. Rab1 {[%emt 0:00:00]} Rb6 {[%emt 0:00:43]} 55. Qd2 {[%emt 0:00:00]} Raa6 {[%emt 0:00:40]} 56. Qe1 {[%emt 0:00:00]} Kc7 {[%emt 0:00:14]} 57. Qd2 {[%emt 0:00:00]} Ra8 {[%emt 0:00:33]} 58. Qe1 {[%emt 0:00:00]} Rd8 {[%emt 0:00:07]} 59. Qd2 {[%emt 0:00:00]} Kd7 {[%emt 0:00:08]} 60. Qe1 {[%emt 0:00:00]} Qe8 {[%emt 0:00:11]} 61. Qd2 {[%emt 0:00:00]} Ke6 {[%emt 0:00:04]} 62. Qe1 {[%emt 0:00:00]} Rb8 {[%emt 0:00:46]} 63. Qh1 {[%emt 0:00:00]} Qd7 {[%emt 0:00:20]} 64. Qe1 {[%emt 0:00:00]} Ra6 {[%emt 0:00:55]} 65. Qd2 {[%emt 0:00:00]} Rba8 {[%emt 0:00:39]} 66. Qe1 {[%emt 0:00:00]} Qe8 {[%emt 0:01:34]} 67. Qh1 {[%emt 0:00:00]} Rd8 {[%emt 0:00:31]} 68. Qe1 {[%emt 0:00:00]} Rb6 {[%emt 0:00:34]} 69. Qd2 {[%emt 0:00:00]} Rd7 {[%emt 0:00:14]} 70. Qe1 {[%emt 0:00:00]} Qa8 {[%emt 0:00:06]} 71. Qd2 {[%emt 0:00:00]} Qa7 {[%emt 0:00:06]} 72. Nd1 {[%emt 0:00:34]} Rc7 {[%emt 0:00:21]} 73. Qe3 {[%emt 0:00:42]} Be8 {[%emt 0:00:59]} 74. Kg2 {[%emt 0:01:03]} Qa6 {[%emt 0:00:27]} 75. Qd2 {[%emt 0:00:18]} Nd8 {[%emt 0:00:31]} 76. Qe1 {[%emt 0:00:37]} Nc6 {[%emt 0:00:54]} 77. Bc5 {[%emt 0:00:07]} Rbb7 {[%emt 0:00:04]} 78. Qd2 {[%emt 0:00:41]} Nb8 {[%emt 0:01:19]} 79. Bd6 {[%emt 0:03:05]} Rc8 {[%emt 0:00:45]} 80. Ra2 {[%emt 0:00:40]} Nc6 {[%emt 0:00:56]} 81. Kg3 {[%emt 0:00:31]} Qb6 {[%emt 0:00:38]} 82. Bc5 {[%emt 0:00:40]} Qd8 {[%emt 0:00:14]} 83. Rab2 {[%emt 0:00:18]} Nb8 {[%emt 0:00:47]} 84. Bd6 {[%emt 0:00:30]} Na6 {[%emt 0:00:27]} 85. Qe1 {[%emt 0:01:41]} Bc6 {[%emt 0:01:07]} 86. Ra2 {[%emt 0:00:41]} Ra8 {[%emt 0:00:59]} 87. Rab2 {[%emt 0:01:52]} Qb6 {[%emt 0:00:17]} 88. Qd2 {[%emt 0:00:17]} Rd8 {[%emt 0:00:07]} 89. Ba3 {[%emt 0:00:51]} Qc7 {[%emt 0:00:17]} 90. Qe1 {[%emt 0:00:14]} Be8 {[%emt 0:00:25]} 91. Kf3 {[%emt 0:00:46]} Qc6 {[%emt 0:00:32]} 92. Kg3 {[%emt 0:00:07]} b4 {[%emt 0:01:10]} 93. cxb4 {[%emt 0:02:09]} Rdb8 {[%emt 0:01:16]} 94. bxa5 {[%emt 0:03:07]} Rxb2 {[%emt 0:00:06]} 95. Rxb2 {[%emt 0:00:07]} Rxb2 {[%emt 0:00:03]} 96. Bxb2 {[%emt 0:02:44]} Qa4 {[%emt 0:00:07]} 97. Qc3 {[%emt 0:00:12]} Nb4 {[%emt 0:00:28]} 98. Ne3 {[%emt 0:00:13]} Qb5 {[%emt 0:01:10]} 99. Qa3 {[%emt 0:01:07]} Qa4 {[%emt 0:00:15]} 100. Qxa4 {[%emt 0:01:08]} Bxa4 {[%emt 0:00:02]} 101. Kf2 {[%emt 0:00:42]} Nc6 {[%emt 0:01:15]} 102. Bc3 {[%emt 0:00:05]} Bb5 {[%emt 0:00:06]} 103. Ke1 {[%emt 0:00:22]} Ba6 {[%emt 0:00:10]} 104. Kd2 {[%emt 0:00:18]} Bb7 {[%emt 0:00:06]} 105. Kc1 {[%emt 0:00:13]} Nd8 {[%emt 0:00:15]} 106. Nd1 {[%emt 0:00:17]} Kd7 {[%emt 0:00:08]} 107. Bd2 {[%emt 0:00:12]} Nc6 {[%emt 0:00:23]} 108. Bc3 {[%emt 0:00:11]} Nd8 {[%emt 0:00:03]} 109. Kd2 {[%emt 0:02:15]} Ne6 {[%emt 0:00:04]} 110. Ke3 {[%emt 0:00:04]} Kc6 {[%emt 0:00:02]} 111. Be1 {[%emt 0:00:08]} Kb5 {[%emt 0:00:07]} 112. Nc3+ {[%emt 0:00:12]} Kc6 {[%emt 0:01:16]} 113. Na2 {[%emt 0:00:42]} Kb5 {[%emt 0:00:12]} 114. Nb4 {[%emt 0:00:17]} Nc7 {[%emt 0:00:25]} 115. Bd2 {[%emt 0:00:50]} Ba8 {[%emt 0:00:19]} 116. Na2 {[%emt 0:00:33]} Bc6 {[%emt 0:00:25]} 117. Nc3+ {[%emt 0:01:16]} Ka6 {[%emt 0:00:01]} 118. Ne2 {[%emt 0:00:12]} Kb5 {[%emt 0:00:09]} 119. Ng3 {[%emt 0:00:16]} Ne6 {[%emt 0:00:06]} 120. Be1 {[%emt 0:00:19]} Ka6 {[%emt 0:00:12]} 121. Ne2 {[%emt 0:00:25]} Kb5 {[%emt 0:00:16]} 122. Bc3 {[%emt 0:00:30]} Ba8 {[%emt 0:00:08]} 123. Kd2 {[%emt 0:00:07]} Bc6 {[%emt 0:00:07]} 124. Kc1 {[%emt 0:00:04]} Bb7 {[%emt 0:00:03]} 125. Kb2 {[%emt 0:00:04]} Bc6 {[%emt 0:01:00]} 126. Ka3 {[%emt 0:00:19]} Nc7 {[%emt 0:01:34]} 127. Bd2 {[%emt 0:00:42]} Bd7 {[%emt 0:00:14]} 128. Nc3+ {[%emt 0:00:35]} Kc6 {[%emt 0:00:09]} 129. Ka4 {[%emt 0:00:44]} Kb7+ {[%emt 0:00:15]} 130. Kb4 {[%emt 0:00:05]} Na6+ {[%emt 0:00:27]} 131. Ka3 {[%emt 0:00:04]} Kc6 {[%emt 0:01:01]} 132. Ka4 {[%emt 0:00:09]} Kb7+ {[%emt 0:00:05]} 133. Ka3 {[%emt 0:00:03]} Kc6 {[%emt 0:00:02]} 134. Na2 {[%emt 0:00:33]} Kb5 {[%emt 0:00:14]} 135. Bb4 {[%emt 0:00:56]} Kc6 {[%emt 0:01:42]} 136. Bd6 {[%emt 0:00:48]} Kb5 {[%emt 0:00:23]} 137. Nc3+ {[%emt 0:00:16]} Kc6 {[%emt 0:00:04]} 138. Kb2 {[%emt 0:01:20]} Be6 {[%emt 0:00:15]} 139. Ka2 {[%emt 0:00:05]} Bd7 {[%emt 0:00:13]} 140. Ka3 {[%emt 0:00:03]} Be6 {[%emt 0:00:34]} 141. Ka4 {[%emt 0:01:56]} Bd7 {[%emt 0:00:09]} 142. Ka3 {[%emt 0:00:13]} Be6 {[%emt 0:00:07]} 143. Ka4 {[%emt 0:00:43]} Bd7 {[%emt 0:00:04]} 144. Ka3 {[%emt 0:00:04]} Be6 {[%emt 0:00:03]} 1/2-1/2

[Event "OEBRO 85th Anniversary GM 2021"]
[Site "Copenhagen"]
[Date "2021.10.21"]
[Round "6.8"]
[White "Porte, Henrik"]
[Black "Jacobsen, Mikkel Manosri"]
[Result "1/2-1/2"]
[WhiteElo "2170"]
[BlackElo "2293"]
[Annotator "ChessBase"]
[PlyCount "180"]
[EventDate "2021.10.18"]
[EventType "swiss"]
[EventCountry "DEN"]
[SourceTitle "playchess.com"]
[Source "ChessBase"]
[SourceQuality "1"]
[TimeControl "40/5400+30:900+30"]

1. d4 {[%emt 0:00:03]} d5 {[%emt 0:24:53]} 2. c4 {[%emt 0:00:07]} e6 {[%emt 0:00:04]} 3. Nc3 {[%emt 0:00:03]} Nf6 {[%emt 0:00:05]} 4. Bg5 {[%emt 0:00:06]} c6 {[%emt 0:00:04]} 5. Nf3 {[%emt 0:01:34]} h6 {[%emt 0:00:04]} 6. Bxf6 {[%emt 0:03:08]} Qxf6 {[%emt 0:00:02]} 7. e3 {[%emt 0:00:08]} Nd7 {[%emt 0:00:09]} 8. cxd5 {[%emt 0:01:40]} exd5 {[%emt 0:00:11]} 9. Bd3 {[%emt 0:00:05]} Be7 {[%emt 0:03:57]} 10. Qc2 {[%emt 0:00:39]} O-O {[%emt 0:00:30]} 11. O-O {[%emt 0:01:06]} Nb6 {[%emt 0:11:56]} 12. Rab1 {[%emt 0:05:10]} Be6 {[%emt 0:00:35]} 13. b4 {[%emt 0:07:04]} Nd7 {[%emt 0:00:22]} 14. Ne2 {[%emt 0:04:17]} Bd6 {[%emt 0:03:21]} 15. b5 {[%emt 0:08:17]} Bg4 {[%emt 0:01:41]} 16. Nd2 {[%emt 0:02:32]} c5 {[%emt 0:00:15]} 17. dxc5 {[%emt 0:03:29]} Nxc5 {[%emt 0:00:07]} 18. Nd4 {[%emt 0:02:15]} Rac8 {[%emt 0:04:29]} 19. Be2 {[%emt 0:16:27]} Ne4 {[%emt 0:03:08]} 20. Qb2 {[%emt 0:12:41]} Bxe2 {[%emt 0:00:35]} 21. Nxe2 {[%emt 0:02:47]} Qxb2 {[%emt 0:00:27]} 22. Rxb2 {[%emt 0:00:05]} Ba3 {[%emt 0:00:05]} 23. Rb3 {[%emt 0:06:21]} Nxd2 {[%emt 0:00:12]} 24. Rxa3 {[%emt 0:00:04]} Nxf1 {[%emt 0:00:13]} 25. Kxf1 {[%emt 0:00:04]} Rc2 {[%emt 0:06:02]} 26. Rxa7 {[%emt 0:01:44]} Rfc8 {[%emt 0:00:39]} 27. Nd4 {[%emt 0:00:23]} Rb2 {[%emt 0:00:56]} 28. g4 {[%emt 0:02:00]} Rc1+ {[%emt 0:00:07]} 29. Kg2 {[%emt 0:00:08]} Ra1 {[%emt 0:00:04]} 30. Rxb7 {[%emt 0:04:13]} Raxa2 {[%emt 0:00:41]} 31. Rd7 {[%emt 0:01:04]} Rxf2+ {[%emt 0:09:08]} 32. Kg3 {[%emt 0:00:08]} g5 {[%emt 0:02:44]} 33. b6 {[%emt 0:05:17]} Rg2+ {[%emt 0:00:10]} 34. Kh3 {[%emt 0:00:08]} Rxh2+ {[%emt 0:02:53]} 35. Kg3 {[%emt 0:00:24]} Rhb2 {[%emt 0:00:44]} 36. b7 {[%emt 0:00:40]} Kg7 {[%emt 0:00:05]} 37. Nc6 {[%emt 0:06:28]} Ra3 {[%emt 0:00:09]} 38. Kf3 {[%emt 0:00:36]} Rab3 {[%emt 0:00:39]} 39. b8=Q {[%emt 0:02:08]} Rxb8 {[%emt 0:00:08]} 40. Nxb8 {[%emt 0:00:04]} Rxb8 {[%emt 0:00:06]} 41. Rxd5 {[%emt 0:15:05]} Rb6 {[%emt 0:17:00]} 42. Ra5 {[%emt 0:01:34]} Kg6 {[%emt 0:00:43]} 43. Rc5 {[%emt 0:02:10]} Ra6 {[%emt 0:00:31]} 44. Rb5 {[%emt 0:00:10]} f6 {[%emt 0:01:16]} 45. Rc5 {[%emt 0:00:22]} h5 {[%emt 0:01:09]} 46. gxh5+ {[%emt 0:00:08]} Kxh5 {[%emt 0:00:04]} 47. Rc3 {[%emt 0:00:00]} Ra5 {[%emt 0:00:00]} 48. Kg3 {[%emt 0:00:00]} Ra4 {[%emt 0:00:00]} 49. Rb3 {[%emt 0:00:00]} Kg6 {[%emt 0:00:00]} 50. Kf3 {[%emt 0:00:00]} Kh5 {[%emt 0:00:00]} 51. Kg3 {[%emt 0:00:00]} Ra1 {[%emt 0:00:00]} 52. Rc3 {[%emt 0:00:00]} Kg6 {[%emt 0:00:12]} 53. Kf3 {[%emt 0:00:00]} f5 {[%emt 0:00:50]} 54. Rb3 {[%emt 0:00:00]} g4+ {[%emt 0:01:17]} 55. Kg3 {[%emt 0:03:18]} Rf1 {[%emt 0:00:06]} 56. e4 {[%emt 0:01:13]} fxe4 {[%emt 0:00:15]} 57. Kxg4 {[%emt 0:00:12]} Kf6 {[%emt 0:00:05]} 58. Kg3 {[%emt 0:01:46]} Ke5 {[%emt 0:01:37]} 59. Kg2 {[%emt 0:00:55]} Rf8 {[%emt 0:00:14]} 60. Ra3 {[%emt 0:00:17]} Rb8 {[%emt 0:04:43]} 61. Kf2 {[%emt 0:00:17]} Kf4 {[%emt 0:00:07]} 62. Ke2 {[%emt 0:00:54]} Rb2+ {[%emt 0:00:04]} 63. Ke1 {[%emt 0:00:11]} Kf5 {[%emt 0:00:40]} 64. Ra5+ {[%emt 0:00:23]} Kg4 {[%emt 0:00:07]} 65. Ra3 {[%emt 0:00:08]} Kf4 {[%emt 0:00:10]} 66. Rc3 {[%emt 0:01:01]} Ra2 {[%emt 0:00:42]} 67. Rb3 {[%emt 0:00:08]} Ke5 {[%emt 0:00:06]} 68. Rb5+ {[%emt 0:01:22]} Kd4 {[%emt 0:00:28]} 69. Rb4+ {[%emt 0:00:45]} Kd3 {[%emt 0:00:09]} 70. Rb3+ {[%emt 0:00:07]} Kc4 {[%emt 0:00:06]} 71. Rh3 {[%emt 0:00:12]} Kd4 {[%emt 0:01:08]} 72. Rg3 {[%emt 0:00:19]} Ke5 {[%emt 0:03:51]} 73. Rh3 {[%emt 0:00:19]} Ra1+ {[%emt 0:00:30]} 74. Ke2 {[%emt 0:00:08]} Ra2+ {[%emt 0:00:15]} 75. Ke1 {[%emt 0:00:04]} Kf4 {[%emt 0:00:04]} 76. Rb3 {[%emt 0:00:09]} Ra8 {[%emt 0:00:41]} 77. Ke2 {[%emt 0:00:28]} Ra4 {[%emt 0:01:08]} 78. Rc3 {[%emt 0:00:36]} Ke5 {[%emt 0:00:07]} 79. Rb3 {[%emt 0:00:20]} Kd4 {[%emt 0:00:07]} 80. Rh3 {[%emt 0:00:17]} Ra2+ {[%emt 0:00:19]} 81. Ke1 {[%emt 0:00:06]} Ra8 {[%emt 0:00:05]} 82. Ke2 {[%emt 0:00:12]} Ke5 {[%emt 0:00:25]} 83. Rb3 {[%emt 0:00:37]} Kf4 {[%emt 0:00:07]} 84. Rc3 {[%emt 0:00:11]} Ra2+ {[%emt 0:00:04]} 85. Ke1 {[%emt 0:00:05]} e3 {[%emt 0:00:04]} 86. Rc8 {[%emt 0:00:12]} Kf3 {[%emt 0:00:23]} 87. Rf8+ {[%emt 0:00:08]} Ke4 {[%emt 0:00:05]} 88. Re8+ {[%emt 0:00:07]} Kf3 {[%emt 0:00:04]} 89. Rf8+ {[%emt 0:00:04]} Ke4 {[%emt 0:00:05]} 90. Re8+ {[%emt 0:00:04]} Kf3 {[%emt 0:00:08]} 1/2-1/2

[Event "OEBRO 85th Anniversary GM 2021"]
[Site "Copenhagen"]
[Date "2021.10.22"]
[Round "7.1"]
[White "Hamitevici, Vladimir"]
[Black "Stefansson, Vignir Vatnar"]
[Result "1-0"]
[WhiteElo "2465"]
[BlackElo "2399"]
[Annotator "TA"]
[PlyCount "59"]
[EventDate "2021.10.18"]
[EventType "swiss"]
[EventCountry "DEN"]
[SourceTitle "playchess.com"]
[Source "ChessBase"]
[SourceQuality "1"]

{[%evp 10,59,26,19,29,21,23,36,34,20,41,37,27,0,0,0,0,0,0,-81,-76,-72,-77,-95,-89,-102,-91,-94,-102,-95,-95,-100,-111,-104,-112,-100,-102,-96,0,0,0,-2,81,71,168,168,164,152,200,202,356,347]} 1. e4 c5 2. Nf3 Nc6 3. Bb5 g6 4. Bxc6 dxc6 5. d3 Bg7 6. h3 Qc7 {B31: Sicilian: 2...Nc6 3 Bb5 g6.} 7. O-O e5 8. Be3 b6 {White is slightly better.} 9. Nbd2 Ne7 10. Nc4 Be6 {[#]} 11. Nfd2 $146 ({Predecessor:} 11. a3 O-O 12. b4 cxb4 13. axb4 Rad8 14. Qe2 h6 15. Bd2 Bxc4 16. dxc4 f5 17. Rad1 {1-0 (59) Macovei,A (2394)-Olariu,L (2019) Arad 2018}) 11... O-O 12. f4 exf4 13. Bxf4 Qd7 14. Qc1 {[#]} (14. Nf3 $11) 14... f5 $1 $17 {[%cal Rf5e4] ...fxe4 is the strong threat.} 15. e5 b5 16. Nd6 {[#]} g5 $1 {[%cal Rg5f4]} 17. Bh2 (17. Bxg5 $2 Bxe5 18. Nxb5 cxb5 $19) 17... Ng6 18. Nf3 g4 19. hxg4 fxg4 20. Ng5 Nxe5 21. Nge4 Rxf1+ 22. Qxf1 {Strongly threatening Nf6+.} Rf8 23. Qe2 Nf3+ 24. gxf3 $11 gxf3 25. Qd2 Bd5 (25... Bxb2 $11 {remains equal.} 26. Qg5+ Qg7 27. Qxg7+ Bxg7) 26. Qg5 $16 Qe6 (26... h6 $16 27. Qg6 (27. Nxc5 {leads to mate.} f2+ 28. Kf1 Qh3+ {[%mdl 64] Double Attack} 29. Ke2 f1=Q+ 30. Rxf1 Qxf1+ 31. Kd2 Rf2+ {[%mdl 64] Double Attack} 32. Ke3 Re2#) 27... Kh8) 27. Kf2 $18 {Threatens to win with Rg1.} h6 28. Qg3 {Black must now prevent Rg1.} Kh7 29. c3 c4 $2 (29... Rg8 30. Qh4 (30. Qxf3 $2 Rf8 $19) 30... Bf8) 30. Re1 {Weighted Error Value: White=0.10/Black=0.25} 1-0

[Event "OEBRO 85th Anniversary GM 2021"]
[Site "Copenhagen"]
[Date "2021.10.22"]
[Round "7.2"]
[White "Aczel, Gergely"]
[Black "Kozak, Adam"]
[Result "0-1"]
[WhiteElo "2556"]
[BlackElo "2516"]
[Annotator "TA"]
[PlyCount "85"]
[EventDate "2021.10.18"]
[EventType "swiss"]
[EventCountry "DEN"]
[SourceTitle "playchess.com"]
[Source "ChessBase"]
[SourceQuality "1"]

{[%evp 9,85,39,43,16,19,26,36,22,22,1,0,-8,14,0,27,11,22,15,22,16,17,17,6,-37,-38,-41,-30,-32,-39,-25,-25,-25,-31,-38,-4,-75,-58,-73,-71,-73,-73,-81,-72,-87,-79,-132,-143,-184,-60,-54,-31,-40,-15,-33,-23,-16,-19,-321,-60,-497,-493,-479,-463,-777,-777,-754,-746,-1528,-1475,-1888,-1596,-29977,-29976,-29986,-29985,-29985,-29986,-29964]} 1. Nf3 d5 2. g3 Nd7 3. d4 Ngf6 4. Bg2 Nb6 5. a4 a5 6. Nc3 {D02: 1 d4 d5 2 Nf3 sidelines, including 2...Nf6 3 g3 and 2...Nf6 3 Bf4.} g6 {[#]} 7. O-O $146 ({Predecessor:} 7. Bf4 c6 8. O-O Bg7 9. Ne5 O-O 10. Qc1 Bf5 11. Rd1 Qc8 12. Re1 Rd8 13. Nd3 {0-1 (42) Bacrot,E (2678)-Piorun,K (2608) Krasnaya Polyana 2021}) 7... Bg7 8. Ne5 {White is slightly better.} Bf5 9. Bf4 O-O 10. h3 c6 11. g4 Be6 12. Qd3 Nc8 13. Rad1 Nd6 14. b3 Nd7 15. Nf3 Nf6 16. Ng5 Bd7 17. Be5 h6 18. Nf3 h5 19. Bxf6 exf6 20. gxh5 Bf5 21. Qd2 g5 22. h4 (22. Nh2 $11 {keeps the balance.}) 22... Bh6 23. hxg5 fxg5 24. Ne5 f6 25. Ng6 Bxg6 26. hxg6 {next e4 is good for White.} f5 27. f3 {[#]} ({White should play} 27. Qe3) 27... Kg7 $1 $17 28. Qd3 {[#]} f4 ({Black should try} 28... g4 $1 $19 {Strongly threatening ...Nc4!} 29. fxg4 Qg5) 29. Bh3 $15 g4 30. Bxg4 Qg5 31. Rf2 Nf5 $1 {[%cal Bd6f5,Bf5e3,Be3g4,Bg4h2,Bh2f1][%mdl 32]} 32. Rh2 {Rh5 is the strong threat.} Ne3 33. Re1 $2 {[%mdl 8192]} (33. Rh5 $11 {and White has nothing to worry.} Qxg6 34. Rd2) 33... Rae8 $2 (33... Nxg4 $19 34. fxg4 Rae8) 34. Kh1 {[%mdl 8192]} (34. Rf1 $15) 34... Nxg4 $19 35. Rg1 {[#]} ({Much worse is} 35. fxg4 f3 $19) 35... Re3 $1 36. Qd2 (36. Rxg4 $142 Rxd3 37. Rxg5 Rxc3 38. Re5) 36... Nxh2 37. Rxg5 Nf1 ({Weaker is} 37... Bxg5 38. Kxh2 Rfe8 39. Kg1 $17) 38. Qe1 Bxg5 39. Qxf1 Rxc3 40. Qe1 Rxc2 {Black mates.} 41. Qxa5 Rxe2 42. Qc7+ Re7 43. Qd6 {Weighted Error Value: White=0.88/Black=0.20} 0-1

[Event "OEBRO 85th Anniversary GM 2021"]
[Site "Copenhagen"]
[Date "2021.10.22"]
[Round "7.3"]
[White "Hector, Jonny"]
[Black "Kistrup, Nicolai"]
[Result "0-1"]
[WhiteElo "2443"]
[BlackElo "2249"]
[Annotator "TA"]
[PlyCount "152"]
[EventDate "2021.10.18"]
[EventType "swiss"]
[EventCountry "DEN"]
[SourceTitle "playchess.com"]
[Source "ChessBase"]
[SourceQuality "1"]

{[%evp 12,152,23,17,23,18,12,-13,12,-13,38,8,31,-8,-10,-18,23,18,25,23,32,17,26,22,61,-54,-49,-45,-58,-56,-55,-64,-71,-49,-52,-68,-71,-60,-72,-97,-105,-110,-46,-45,-32,-32,-32,-32,-41,-41,-26,-87,0,0,0,0,7,0,0,6,21,18,27,27,38,0,44,44,44,44,44,44,44,44,84,0,121,118,84,84,99,0,39,3,8,3,3,3,3,1,40,0,0,0,0,0,0,0,0,1,4,-79,-32,-90,-11,-12,-5,-10,0,0,0,-73,-64,-64,-64,-611,-606,-487,-447,-582,-579,-522,-532,-1034,-1032,-1502,-1483,-1259,-1447,-1183,-1415,-1213,-1134,-29975,-29971,-29971,-29972,-29971,-29972,-12843,-6203,-29990,-29991]} 1. e4 e5 2. Nf3 Nc6 3. Bb5 a6 4. Ba4 Nf6 5. d3 b5 6. Bb3 Bc5 7. Bg5 {7.Nc3 is setting a new trend.} d6 {C77: Ruy Lopez: 3...a6 4 Ba4 Nf6, unusual lines.} 8. c3 O-O 9. a4 Rb8 {The position is equal.} 10. O-O Be6 (10... b4 $11) 11. Bc2 {Threatens to win with d4.} Bb6 12. h3 h6 13. Bh4 {[#]} Ne7 $146 ({Predecessor:} 13... g5 14. Bg3 b4 15. d4 b3 16. Bd3 exd4 17. cxd4 Nxd4 18. Nc3 Nd7 19. e5 Nxf3+ 20. Qxf3 dxe5 {0-1 (40) Griggs,W (2268)-Aaron,D (2353) Vancouver 2012}) 14. Bxf6 gxf6 15. Nh4 Kh7 16. d4 Rg8 17. Kh2 Qf8 18. f4 (18. d5 $14 Bd7 19. Qf3) 18... Qg7 $15 19. Rf3 Ng6 20. Nxg6 fxg6 21. axb5 axb5 22. d5 Bd7 23. Nd2 g5 {And now ...g4 would win.} 24. f5 g4 25. hxg4 Qxg4 {[%csl Gg8][%cal Rg4g2]} 26. Qf1 Rg5 (26... Qg5 $17 27. Nb3 c5 28. dxc6 Bxc6) 27. Rh3 Rbg8 28. g3 {aiming for Bd1.} Rh5 29. Rxh5 Qxh5+ 30. Kg2 $1 Qg5 31. Qd3 (31. Qe1 $11 {keeps the balance.}) 31... Qe3 (31... b4 $17 32. Nf1 h5 33. cxb4 h4) 32. Qxe3 $11 Bxe3 33. Nf1 Bb6 34. Bd1 b4 35. cxb4 Bd4 36. Rc1 Bb6 37. Nd2 Bb5 38. Kf3 Rg5 39. Nb1 h5 40. Nc3 Be8 41. Ba4 Bf7 42. Bb5 {Hoping for Na4.} Bd4 43. Na4 (43. Bf1 $16 {Nb5 is the strong threat.} Be8 44. Bb5) 43... Kg8 (43... Kh6 $1 $11) 44. Bf1 $16 ({Don't play} 44. Rxc7 Kf8 $18) 44... Be8 45. b5 Rg7 {[#]} 46. Nc3 (46. b6 $1 $16 {[%cal Rb6b7]} cxb6 47. Rc8) 46... Rd7 47. Ra1 Rd8 48. Be2 Rb8 49. Kg2 Kg7 50. Rh1 Ra8 51. Rc1 Kh6 52. Kf3 Kg5 53. Bd3 Ra7 54. Bf1 Ra5 55. Kg2 Ra7 56. b3 (56. Bd3 $11) 56... h4 (56... Ra3 $5 {[%cal Ra3b3]} 57. Bc4 h4 $11) 57. Na4 {[#]} ({White should play} 57. Ne2 $15) 57... hxg3 (57... Bh5 $1 $17) 58. Kxg3 $11 Bh5 59. Bd3 Be3 60. Re1 Bd4 61. Be2 (61. Rc1 $1 $11 {remains equal.}) 61... Bxe2 62. Rxe2 $17 {[%mdl 4096] Endgame KRB-KRN} Ra5 63. Re1 $2 {[%mdl 8192] This costs White the game.} (63. Kf3 $15) 63... Rxb5 $19 64. Rb1 Rb8 65. Kf3 Rh8 66. Kg3 Rh4 67. Re1 Rg4+ 68. Kh3 Rf4 69. Kg2 Kg4 70. Re2 Rf3 71. Rc2 Rxb3 72. Rxc7 Ra3 73. Rc4 Ra2+ 74. Kf1 Kf3 75. Ke1 Ke3 {( -> ...Ra1+)} 76. Kd1 Kd3 {Weighted Error Value: White=0.18/Black=0.20} 0-1